ბათუმის შოთა რუსთაველის სახელმწიფო უნივერსიტეტის ბიბლიოთეკა

ნაკვესები (ბიბ.ჩანაწერი № 48736)

000 -LEADER
fixed length control field 00595nam a2200205Ia 4500
001 - CONTROL NUMBER
control field 15636
003 - CONTROL NUMBER IDENTIFIER
control field GE_BSU
008 - FIXED-LENGTH DATA ELEMENTS--GENERAL INFORMATION
fixed length control field 181216s||||||||xx |||||||||||||| ||und||
040 ## - CATALOGING SOURCE
Transcribing agency GE_BSU
080 ## - UNIVERSAL DECIMAL CLASSIFICATION NUMBER
Universal Decimal Classification number 821.353.1-845
100 ## - MAIN ENTRY--PERSONAL NAME
Personal name წერეთელი, ა. (აკაკი, 1840-1915)
245 ## - TITLE STATEMENT
Title ნაკვესები
245 ## - TITLE STATEMENT
Statement of responsibility, etc. რედ.გ.ნატროშვილი
260 ## - PUBLICATION, DISTRIBUTION, ETC.
Place of publication, distribution, etc. თბილისი
260 ## - PUBLICATION, DISTRIBUTION, ETC.
Name of publisher, distributor, etc. საბჭ. მწერალი
260 ## - PUBLICATION, DISTRIBUTION, ETC.
Date of publication, distribution, etc. 1951.
300 ## - PHYSICAL DESCRIPTION
Extent 180 გვ. ; 11 სმ.
653 ## - INDEX TERM--UNCONTROLLED
Uncontrolled term ნაკვესები
942 ## - ADDED ENTRY ELEMENTS (KOHA)
Koha item type წიგნი
ეგზემპლარები
Withdrawn status Lost status Damaged status Not for loan Date acquired Barcode Date last seen Price effective from Koha item type
        2018-12-17 38892 2018-12-17 2018-12-17 წიგნი
        2018-12-17 38893 2018-12-17 2018-12-17 წიგნი